| 000 | 00897nam a2200253Ia 4500 | ||
|---|---|---|---|
| 001 | 9779 | ||
| 003 | GE_BSU | ||
| 008 | 181216s||||||||xx |||||||||||||| ||und|| | ||
| 020 | _a9789941039980 | ||
| 040 | _cGE_BSU | ||
| 080 | _a821.353.1.09-91+392(479.22) | ||
| 100 | _aშიოშვილი,თინა | ||
| 245 | _aთამარ მეფე ქართულ ფოლკლორში | ||
| 245 | _bმონოგრაფია | ||
| 245 | _cრედ.მამია ფაღავა.მხატვ.ზ.ხაბაძე | ||
| 260 | _aთბილისი | ||
| 260 | _bლამპარი | ||
| 260 | _c2014 | ||
| 300 | _a232გვ.20სმ. | ||
| 520 | _aრეზ.რუს.და ინგლ.ენაზე | ||
| 653 | _aთამარ მეფე ქართულ ფოლკლორში | ||
| 653 | _aმონოგრაფია | ||
| 942 | _cBK | ||
| 999 |
_c43059 _d43059 |
||